[Event "PRO League Atlantic"]
[Site "Chess.com INT"]
[Date "2017.01.18"]
[Round "2"]
[White "Baker, Vincent J"]
[Black "Balleisen, Aaron S"]
[Result "0-1"]
[WhiteElo "1960"]
[BlackElo "2127"]
[PlyCount "162"]
[EventDate "2017.01.11"]
[EventType "team-swiss (rapid)"]
[EventRounds "7"]
[EventCountry "USA"]
[SourceTitle "CBM 176 Extra"]
[Source "ChessBase"]
[SourceDate "2017.03.02"]
[SourceVersion "1"]
[SourceVersionDate "2017.03.02"]
[SourceQuality "1"]
[WhiteTeam "Columbus Cardinals"]
[BlackTeam "Carolina Cobras"]
[WhiteTeamCountry "USA"]
[BlackTeamCountry "USA"]

1. e4 c5 2. Nf3 Nc6 3. d4 cxd4 4. Nxd4 Nf6 5. Nc3 d6 6. Bg5 Bd7 7. f3 Rc8 8. Be2 Qa5 9. f4 Nxe4 10. Nb3 Nxc3 11. bxc3 Qxc3+ 12. Kf2 g6 13. Bf3 Bg7 14. Re1 0-0 15. Re3 Qb4 16. a3 Qb6 17. Rb1 Be6 18. a4 Nb4 19. a5 Rxc2+ 20. Be2 Qa6 21. Kg1 Bc4 22. Bf3 Ra2 23. Bxe7 Re8 24. Kh1 Bxb3 25. Qxb3 Qxa5 26. Bxd6 Rd8 27. Bxb4 Qa4 28. Qxa4 Rxa4 29. Be1 b6 30. g3 h5 31. Kg2 Rc8 32. Re7 Rc2+ 33. Kh1 Raa2 34. Re8+ Kh7 35. Re7 Rxh2+ 36. Kg1 Bd4+ 37. Kf1 Ra5 38. Rxf7+ Kg8 39. Rd7 Bg7 40. Bd5+ Kh7 41. Kg1 Raa2 42. Be4 Kh6 43. Rd6 Kh7 44. Rxg6 Bd4+ 45. Kf1 Kh8 46. Rd6 Bc5 47. Rd8+ Kg7 48. Bc3+ Kf7 49. Rd7+ Ke6 50. Rd3 Raf2+ 51. Ke1 Re2+ 52. Kd1 Rhf2 53. Be1 Rh2 54. Bf3 Ra2 55. Rc1 h4 56. Rd2 Raxd2+ 57. Bxd2 hxg3 58. Be1 g2 59. Bxg2 Rxg2 60. Rc2 Rxc2 61. Kxc2 Kf5 62. Bd2 Bd6 63. Kb3 Bxf4 64. Bc3 Be3 65. Kb4 Ke4 66. Kb5 Kd5 67. Bb4 Bc5 68. Bc3 Ke4 69. Ka6 Kd3 70. Ba1 Kc4 71. Kxa7 b5+ 72. Ka6 b4 73. Ka5 b3 74. Ka4 Bb4 75. Bb2 Bc5 76. Bc1 Kc3 77. Kb5 Kc2 78. Kc4 Bd6 79. Bb2 Kxb2 80. Kd3 Ka2 81. Kd2 b2 0-1

[Event "PRO League Atlantic"]
[Site "Chess.com INT"]
[Date "2017.01.11"]
[Round "1"]
[White "Balleisen, Aaron S"]
[Black "Obrien, Matthew J"]
[Result "1-0"]
[WhiteElo "2127"]
[BlackElo "2084"]
[PlyCount "117"]
[EventDate "2017.01.11"]
[EventType "team-swiss (rapid)"]
[EventRounds "7"]
[EventCountry "USA"]
[SourceTitle "CBM 176 Extra"]
[Source "ChessBase"]
[SourceDate "2017.03.02"]
[SourceVersion "1"]
[SourceVersionDate "2017.03.02"]
[SourceQuality "1"]
[WhiteTeam "Carolina Cobras"]
[BlackTeam "Philadelphia Inventors"]
[WhiteTeamCountry "USA"]
[BlackTeamCountry "UAE"]

1. c4 Nf6 2. g3 g6 3. Bg2 Bg7 4. Nc3 0-0 5. e4 d6 6. Nge2 c5 7. 0-0 Nc6 8. a3 Ne8 9. Rb1 a5 10. Nb5 Nc7 11. Nxc7 Qxc7 12. d3 Bd7 13. Be3 Nd4 14. Nxd4 cxd4 15. Bd2 b5 16. b3 a4 17. e5 Ra6 18. exd6 exd6 19. Bb4 axb3 20. cxb5 Bxb5 21. Qxb3 Ba4 22. Qb2 Qc2 23. Rfc1 Qxb2 24. Rxb2 g5 25. Bd5 Bb5 26. Bc4 Rc6 27. Bxd6 Rxd6 28. Rxb5 Ra8 29. Ra1 Rda6 30. Rxg5 Rxa3 31. Rxa3 Rxa3 32. Rf5 Ra7 33. h4 h6 34. Kg2 Rd7 35. Kf3 Kf8 36. Bb5 Rd6 37. Bc4 Rf6 38. Ke4 Rxf5 39. Kxf5 Ke7 40. f4 Bf6 41. Bb3 Bg7 42. g4 Bf6 43. g5 Bg7 44. Ke4 Ke8 45. f5 hxg5 46. hxg5 Bf8 47. Kxd4 Be7 48. g6 fxg6 49. fxg6 Bf6+ 50. Kd5 Kd7 51. Ba4+ Ke7 52. d4 Kf8 53. Kc5 Ke7 54. d5 Be5 55. Kc6 Kd8 56. d6 Kc8 57. Kd5 Bg7 58. Ke6 Kd8 59. d7 1-0

[Event "US Masters op"]
[Site "Greensboro"]
[Date "2016.08.25"]
[Round "1"]
[White "Balleisen, Aaron S"]
[Black "Ramirez Alvarez, Alejandro"]
[Result "0-1"]
[WhiteElo "2217"]
[BlackElo "2561"]
[PlyCount "62"]
[EventDate "2016.08.25"]
[EventType "swiss"]
[EventRounds "9"]
[EventCountry "USA"]
[SourceTitle "CBM 174 Extra"]
[Source "ChessBase"]
[SourceDate "2016.10.10"]
[SourceVersion "1"]
[SourceVersionDate "2016.10.10"]
[SourceQuality "1"]

1. d4 e6 2. c4 Bb4+ 3. Bd2 a5 4. Nf3 Nf6 5. Qc2 d5 6. a3 Be7 7. Bf4 c5 8. cxd5 exd5 9. e3 b6 10. Bxb8 Rxb8 11. Ne5 Qc7 12. Bb5+ Kf8 13. Nd2 g6 14. 0-0 Bf5 15. Qc3 Kg7 16. Rac1 Bd6 17. f4 c4 18. Rce1 Ne4 19. Nxe4 Bxe4 20. Nf3 Ra8 21. Ba4 b5 22. Bxb5 a4 23. Nd2 Bd3 24. e4 Bxf1 25. Rxf1 Rhb8 26. e5 Bf8 27. f5 Rxb5 28. Qf3 gxf5 29. Qxf5 Ra6 30. Nf3 Be7 31. Qxf7+ Kxf7 0-1

[Event "Land of the Sky op"]
[Site "Asheville"]
[Date "2016.01.30"]
[Round "2"]
[White "Moradiabadi, Elshan"]
[Black "Balleisen, Aaron S"]
[Result "1-0"]
[WhiteElo "2597"]
[BlackElo "2238"]
[PlyCount "77"]
[EventDate "2016.01.29"]
[EventType "swiss"]
[EventRounds "5"]
[EventCountry "USA"]
[SourceTitle "CBM 170 Extra"]
[Source "ChessBase"]
[SourceDate "2016.02.25"]
[SourceVersion "1"]
[SourceVersionDate "2016.02.25"]
[SourceQuality "1"]

1. d4 Nf6 2. c4 e6 3. Nf3 b6 4. g3 Bb4+ 5. Nbd2 Bb7 6. Bg2 0-0 7. 0-0 a5 8. Qc2 Bxd2 9. Bxd2 d6 10. Rad1 Nbd7 11. Bc1 Be4 12. Qc3 Qe7 13. Rfe1 Rfe8 14. Bf1 Bb7 15. Nd2 e5 16. d5 b5 17. e4 b4 18. Qc2 c6 19. Nf3 Nc5 20. Nh4 cxd5 21. exd5 Bc8 22. Be3 Qc7 23. Bg5 Nfd7 24. Nf5 Nf8 25. Bc1 Ng6 26. Bg2 Qd8 27. h4 Qf6 28. Nd4 h6 29. Nb5 Bf5 30. Qe2 Rac8 31. Na7 Rc7 32. Nc6 Ra8 33. Be3 Nb7 34. c5 Nxc5 35. Bxc5 dxc5 36. d6 Rxc6 37. Bxc6 Rd8 38. h5 Nf8 39. Qxe5 1-0

[Event "USA tt Wildcard"]
[Site "ICC INT"]
[Date "2015.11.04"]
[Round "1"]
[White "Balleisen, Aaron S"]
[Black "Balakrishnan, Praveen"]
[Result "1-0"]
[WhiteElo "2209"]
[BlackElo "2309"]
[PlyCount "87"]
[EventDate "2015.11.04"]
[EventType "team"]
[EventRounds "1"]
[EventCountry "USA"]
[SourceTitle "CBM 169 Extra"]
[Source "ChessBase"]
[SourceDate "2015.12.18"]
[SourceVersion "1"]
[SourceVersionDate "2015.12.18"]
[SourceQuality "1"]
[WhiteTeam "Carolina"]
[BlackTeam "New Jersey"]
[WhiteTeamCountry "USA"]
[BlackTeamCountry "USA"]

1. d4 Nf6 2. c4 g6 3. Nc3 Bg7 4. e4 d6 5. f3 0-0 6. Nge2 c5 7. d5 e6 8. Ng3 exd5 9. cxd5 a6 10. a4 h5 11. Bg5 Nbd7 12. Be2 Qc7 13. Nf1 Rb8 14. Nd2 Ne5 15. 0-0 Bd7 16. h3 b5 17. f4 Nh7 18. Bh4 Nc4 19. Bxc4 bxc4 20. Nxc4 Rfe8 21. Qd3 f5 22. e5 dxe5 23. fxe5 g5 24. Bg3 f4 25. e6 fxg3 26. Rf7 Rf8 27. Raf1 Rxf7 28. Rxf7 Nf8 29. d6 Qc6 30. Rxg7+ Kxg7 31. Ne5 Qb6 32. Qxg3 c4+ 33. Kh2 Bxe6 34. Qxg5+ Kh8 35. Qf6+ Kg8 36. Qg5+ Kh8 37. Qh6+ Nh7 38. Ng6+ Kg8 39. Ne7+ Kh8 40. Qxe6 Qf2 41. Ncd5 Qxb2 42. d7 Rd8 43. Qf7 Nf8 44. Qg8# 1-0